[Event "COL-ch sf (Women)"]
[Site "Pereira"]
[Date "2024.03.30"]
[Round "7"]
[White "Lopez Mahecha, Natalia"]
[Black "Lara Aguirre, Maria Camila"]
[Result "1-0"]
[WhiteElo "1625"]
[BlackElo "1662"]
[PlyCount "101"]
[EventDate "2024.03.27"]
[EventType "swiss"]
[EventRounds "9"]
[EventCountry "COL"]
[SourceTitle "CB14_2024"]
[SourceDate "2024.04.01"]
[SourceVersion "1"]
[SourceVersionDate "2024.04.01"]
[SourceQuality "1"]

1. e4 c5 2. Nc3 a6 3. g3 d6 4. Bg2 Nf6 5. d3 e5 6. Nge2 Be7 7. 0-0 0-0 8. f4 Nc6 9. h3 Nd4 10. g4 h5 11. g5 Nh7 12. Nxd4 cxd4 13. Nd5 exf4 14. Nxe7+ Qxe7 15. Qxh5 Qxg5 16. Qxg5 Nxg5 17. Bxf4 Nxh3+ 18. Bxh3 Bxh3 19. Rf3 Be6 20. Bxd6 Rfd8 21. e5 Rac8 22. Rf2 Rd7 23. Re1 Bd5 24. Ree2 Re8 25. Rf4 Rc8 26. Rxd4 Bxa2 27. b3 Bb1 28. c4 b5 29. c5 Bxd3 30. Rxd3 Rxc5 31. b4 Rc4 32. Ra3 Ra7 33. Rea2 Rc6 34. Ra5 Rb7 35. Rxa6 Rxa6 36. Rxa6 Kh7 37. Kf2 Kg6 38. Ke3 Kf5 39. Kd4 f6 40. exf6 gxf6 41. Kc5 Ke6 42. Bc7+ Kd7 43. Bg3 Ke7 44. Bh4 Rc7+ 45. Kxb5 Rc2 46. Rc6 Rd2 47. Bxf6+ Kd7 48. Rc5 Rd1 49. Be5 Rb1 50. Rc2 Rd1 51. Bh2 1-0

[Event "ARG-ch U18 Girls"]
[Site "Ibague"]
[Date "2024.03.15"]
[Round "3"]
[White "Lara Aguirre, Maria Camila"]
[Black "Pardo Useche, Laura Valentina"]
[Result "1/2-1/2"]
[WhiteElo "1662"]
[BlackElo "1688"]
[PlyCount "117"]
[EventDate "2024.03.14"]
[EventType "swiss"]
[EventRounds "7"]
[EventCountry "COL"]
[SourceTitle "CB12_2024"]
[SourceDate "2023.10.01"]
[SourceVersion "1"]
[SourceVersionDate "2023.10.01"]
[SourceQuality "1"]

1. e4 c5 2. Nf3 d6 3. d4 cxd4 4. Nxd4 Nf6 5. Nc3 a6 6. Bc4 e6 7. a4 Be7 8. 0-0 Nc6 9. Be3 0-0 10. f4 Bd7 11. Qf3 Rc8 12. Nxc6 Bxc6 13. Bd3 d5 14. exd5 Bxd5 15. Nxd5 Qxd5 16. Qh3 Bc5 17. Rae1 Qh5 18. Qg3 Qg4 19. Qf2 Qh5 20. h3 Bxe3 21. Rxe3 Qc5 22. Kh1 Nd5 23. Qh4 g6 24. Re2 Qd4 25. b3 Rc5 26. Qg3 Kh8 27. Qf2 Qxf2 28. Rfxf2 Rd8 29. g4 Nc3 30. Re1 Rdd5 31. b4 Rc7 32. f5 e5 33. fxg6 hxg6 34. a5 Re7 35. Bc4 Rdd7 36. g5 Kg7 37. Rf3 Nb5 38. Rfe3 Nd6 39. Bd3 f6 40. gxf6+ Kxf6 41. Rf1+ Kg7 42. Rfe1 Nf7 43. Bc4 Rd4 44. Bxf7 Kxf7 45. c3 Rc4 46. Rxe5 Rxe5 47. Rxe5 Rxc3 48. Kg2 Rb3 49. Re4 Kf6 50. Rg4 g5 51. h4 gxh4 52. Rxh4 Ke5 53. Kf2 Kd5 54. Ke2 Kc6 55. Kd2 Kb5 56. Rh7 Rxb4 57. Rxb7+ Kxa5 58. Rxb4 Kxb4 59. Kc2 1/2-1/2

[Event "ARG-ch U18 Girls"]
[Site "Ibague"]
[Date "2024.03.14"]
[Round "1"]
[White "Lara Aguirre, Maria Camila"]
[Black "Buitrago Ramirez, Andry Juliana"]
[Result "1-0"]
[WhiteElo "1662"]
[BlackElo "1400"]
[PlyCount "50"]
[EventDate "2024.03.14"]
[EventType "swiss"]
[EventRounds "7"]
[EventCountry "COL"]
[SourceTitle "CB12_2024"]
[SourceDate "2023.10.01"]
[SourceVersion "1"]
[SourceVersionDate "2023.10.01"]
[SourceQuality "1"]

1. e4 e5 2. Nf3 Nc6 3. Bc4 Nf6 4. d3 Bc5 5. c3 d6 6. Bb3 h6 7. h3 0-0 8. 0-0 Qe7 9. Nbd2 Be6 10. Bc2 Rad8 11. Nh2 d5 12. Qf3 dxe4 13. dxe4 b5 14. a3 Na5 15. b4 Nc4 16. Nxc4 Bxc4 17. bxc5 Bxf1 18. Nxf1 Qxc5 19. Ng3 a5 20. Bb3 b4 21. axb4 axb4 22. cxb4 Qxb4 23. Ba3 Qd4 24. Rd1 Qb6 25. Bxf8 Rxf8 1-0

[Event "Pereira Fiestas de la Cosecha op"]
[Site "Pereira"]
[Date "2023.08.27"]
[Round "6"]
[White "Lara Aguirre, Maria Camila"]
[Black "Orbe Vivero, Veronica Priscila"]
[Result "0-1"]
[WhiteElo "1362"]
[BlackElo "1814"]
[PlyCount "90"]
[EventDate "2023.08.24"]
[EventType "swiss"]
[EventRounds "7"]
[EventCountry "COL"]
[SourceTitle "EXT 2024"]
[Source "ChessBase"]
[SourceDate "2023.10.10"]
[SourceVersion "1"]
[SourceVersionDate "2023.10.10"]
[SourceQuality "1"]

1. e4 c5 2. Nf3 Nc6 3. Bc4 e6 4. 0-0 d5 5. Bb5 dxe4 6. Ne5 Qc7 7. Bxc6+ bxc6 8. Nc4 Ba6 9. b3 Bxc4 10. bxc4 Bd6 11. h3 Rb8 12. Re1 f5 13. d3 Be5 14. c3 Nf6 15. Bg5 0-0 16. Bxf6 Rxf6 17. Qe2 Bh2+ 18. Kh1 exd3 19. Qxd3 Rd8 20. Qe2 Bf4 21. a4 e5 22. Rd1 Rxd1+ 23. Qxd1 Rd6 24. Qe2 e4 25. g3 Be5 26. Ra2 Qd7 27. Rd2 Rxd2 28. Qxd2 Qxd2 29. Nxd2 Bxc3 30. Nb3 Bd4 31. Kg2 Kf7 32. Na5 Ke6 33. Nxc6 a6 34. Nb8 a5 35. Nc6 Bc3 36. Kf1 g5 37. Ke2 Kd6 38. Nd8 Ke7 39. Nc6+ Kd7 40. Na7 Bd4 41. f3 h5 42. g4 hxg4 43. hxg4 fxg4 44. fxg4 Kd6 45. Kf1 Bc3 0-1

[Event "COL-ch U20 Girls"]
[Site "Cali"]
[Date "2023.06.23"]
[Round "2"]
[White "Lara Aguirre, Maria Camila"]
[Black "Hernandez Bermudez, Manuela"]
[Result "0-1"]
[WhiteElo "1376"]
[BlackElo "1883"]
[PlyCount "79"]
[EventDate "2023.06.22"]
[EventType "swiss"]
[EventRounds "7"]
[EventCountry "COL"]
[SourceTitle "CBM 214 Extra"]
[Source "ChessBase"]
[SourceDate "2023.07.31"]
[SourceVersion "1"]
[SourceVersionDate "2023.07.31"]
[SourceQuality "1"]

1. e4 c5 2. Nf3 d6 3. d4 cxd4 4. Nxd4 Nf6 5. Nc3 g6 6. f4 Nc6 7. Be3 Bg7 8. Bb5 Bd7 9. Qd2 Ng4 10. Nxc6 bxc6 11. Bc4 Nxe3 12. Qxe3 0-0 13. 0-0 Qb6 14. Qxb6 axb6 15. Rf3 Ra5 16. b4 Ra3 17. Bb3 Bd4+ 18. Kf1 c5 19. Rd1 Bg4 20. Rg3 Bxd1 21. Nxd1 cxb4 22. c3 Bc5 23. cxb4 Bxb4 24. f5 Kg7 25. Ne3 e6 26. Ke2 Bc5 27. fxe6 fxe6 28. Nc2 Rf2+ 29. Kd3 Ra7 30. Bxe6 h5 31. h4 Rf6 32. Bd5 Bf2 33. Rh3 Rf4 34. Ke2 Bc5 35. Kd3 Rg4 36. Ne3 Bxe3 37. Kxe3 Rxg2 38. Bb3 Rgxa2 39. Kd4 Rd2+ 40. Kc4 0-1

[Event "COL Subzt 2.3.4 (Women)"]
[Site "Risarald"]
[Date "2021.11.26"]
[Round "6"]
[White "Lara Aguirre, Maria Camila"]
[Black "Carrillo Riano, Karen Sofia"]
[Result "0-1"]
[WhiteElo "1184"]
[BlackElo "1443"]
[PlyCount "64"]
[EventDate "2021.11.23"]
[EventType "swiss"]
[EventRounds "9"]
[EventCountry "COL"]
[SourceTitle "CBM 205 Extra"]
[Source "ChessBase"]
[SourceDate "2022.01.31"]
[SourceVersion "1"]
[SourceVersionDate "2022.01.31"]
[SourceQuality "1"]

1. e4 c5 2. Nf3 e6 3. d4 cxd4 4. Nxd4 a6 5. Nc3 b5 6. a3 Bb7 7. Be3 d6 8. Qf3 Nf6 9. Bd3 Nbd7 10. 0-0-0 Qa5 11. Nb3 Qc7 12. g4 Ne5 13. Qf4 Nfxg4 14. Be2 Nxe3 15. Qxe3 Be7 16. Qg3 Bf6 17. h4 Ke7 18. f4 Nd7 19. f5 Bxc3 20. bxc3 Bxe4 21. fxe6 Ne5 22. exf7 Bxh1 23. Rxh1 Nxf7 24. Qxg7 Rag8 25. Qd4 Ne5 26. Re1 Rg3 27. Bd3 Rc8 28. Kb2 h5 29. Na5 Rg4 30. Re4 Rxe4 31. Qxe4 Qxc3+ 32. Ka2 Qxa5 0-1

[Event "COL Subzt 2.3.4 (Women)"]
[Site "Risarald"]
[Date "2021.11.24"]
[Round "2"]
[White "Arcos Jojoa, Angela Sofia"]
[Black "Lara Aguirre, Maria Camila"]
[Result "0-1"]
[WhiteElo "1418"]
[BlackElo "1184"]
[PlyCount "96"]
[EventDate "2021.11.23"]
[EventType "swiss"]
[EventRounds "9"]
[EventCountry "COL"]
[SourceTitle "CBM 205 Extra"]
[Source "ChessBase"]
[SourceDate "2022.01.31"]
[SourceVersion "1"]
[SourceVersionDate "2022.01.31"]
[SourceQuality "1"]

1. e4 c5 2. Nf3 d6 3. d4 cxd4 4. Nxd4 Nf6 5. Nc3 a6 6. f3 e5 7. Nb3 Be6 8. Be3 Be7 9. Qd2 d5 10. exd5 Nxd5 11. Nxd5 Bxd5 12. 0-0-0 Bxb3 13. Qxd8+ Bxd8 14. cxb3 Nc6 15. Kb1 0-0 16. g4 Bh4 17. Bc4 Rad8 18. Bb6 Rc8 19. Rd7 e4 20. fxe4 Ne5 21. Rc7 Rxc7 22. Bxc7 Nxc4 23. bxc4 Rc8 24. Bg3 Bxg3 25. hxg3 Rxc4 26. Rd1 f6 27. Re1 b5 28. b3 Rc5 29. Kb2 Rg5 30. Ka3 a5 31. Rd1 Rxg4 32. Rd5 b4+ 33. Ka4 Rxe4 34. Rxa5 g5 35. Rb5 h5 36. Rxb4 Rxb4+ 37. Kxb4 h4 38. gxh4 gxh4 39. a4 h3 40. a5 h2 41. a6 h1Q 42. Ka5 Qd5+ 43. Kb6 Qxb3+ 44. Ka7 f5 45. Ka8 f4 46. a7 Qa4 47. Kb8 Qxa7+ 48. Kxa7 f3 0-1

[Event "COL Subzt 2.3.4 (Women)"]
[Site "Risarald"]
[Date "2021.11.24"]
[Round "3"]
[White "Lara Aguirre, Maria Camila"]
[Black "Caicedo Anguila, Juliana Andrea"]
[Result "0-1"]
[WhiteElo "1184"]
[BlackElo "1552"]
[PlyCount "106"]
[EventDate "2021.11.23"]
[EventType "swiss"]
[EventRounds "9"]
[EventCountry "COL"]
[SourceTitle "CBM 205 Extra"]
[Source "ChessBase"]
[SourceDate "2022.01.31"]
[SourceVersion "1"]
[SourceVersionDate "2022.01.31"]
[SourceQuality "1"]

1. e4 e6 2. d4 d5 3. e5 b6 4. Nf3 Ne7 5. Bd3 Ba6 6. Be3 Bxd3 7. Qxd3 Qd7 8. 0-0 Nf5 9. Bd2 c5 10. Bc3 Nc6 11. Re1 Be7 12. a3 0-0 13. Nbd2 Rac8 14. b3 cxd4 15. Nxd4 Nfxd4 16. Bxd4 Nxd4 17. Qxd4 Rxc2 18. b4 Rfc8 19. Ne4 R8c4 20. Qd3 Qc7 21. Nd2 R4c3 22. Qd4 Rc1 23. a4 Rxa1 24. Rxa1 Rc1+ 25. Rxc1 Qxc1+ 26. Nf1 Qa3 27. b5 Bc5 28. Qh4 Qa1 29. Qd8+ Bf8 30. Qg5 Qxa4 31. h4 Qxb5 32. Ng3 h6 33. Qg4 Qc4 34. f4 d4 35. f5 exf5 36. Nxf5 Qc1+ 37. Kh2 d3 38. Qg3 g6 39. e6 Qc5 40. e7 Bxe7 41. Nxe7+ Qxe7 42. Qxd3 Qxh4+ 43. Kg1 a5 44. Qb5 Qd4+ 45. Kh2 a4 46. Qe8+ Kg7 47. Qa8 b5 48. Qa5 Qc5 49. Kh1 a3 50. Kh2 Qe5+ 51. Kh1 Qb2 52. Kh2 a2 53. Kh1 a1R+ 0-1

[Event "Tolima Deportivo op"]
[Site "Tolima"]
[Date "2021.11.15"]
[Round "7"]
[White "Lara Aguirre, Maria Camila"]
[Black "Trujillo, Luis Angel"]
[Result "1-0"]
[WhiteElo "1184"]
[BlackElo "1631"]
[PlyCount "113"]
[EventDate "2021.11.12"]
[EventType "swiss"]
[EventRounds "7"]
[EventCountry "COL"]
[SourceTitle "CBM 205 Extra"]
[Source "ChessBase"]
[SourceDate "2022.01.31"]
[SourceVersion "1"]
[SourceVersionDate "2022.01.31"]
[SourceQuality "1"]

1. e4 d5 2. exd5 Qxd5 3. Nc3 Qa5 4. d4 c6 5. Bd3 Nf6 6. h3 Bf5 7. Bxf5 Qxf5 8. Nf3 e6 9. 0-0 Nbd7 10. a3 Bd6 11. b4 h5 12. Re1 a6 13. Qe2 0-0 14. Ne5 Rfe8 15. Bb2 Bxe5 16. dxe5 Nd5 17. Ne4 Qg6 18. Rad1 N7b6 19. Nd6 Re7 20. c4 Nc7 21. Nxb7 Rb8 22. Nd8 Rc8 23. Nxc6 Ree8 24. Rd2 Nca8 25. b5 axb5 26. cxb5 Nd5 27. Red1 Nab6 28. Bd4 Nf4 29. Qf3 Nbd5 30. Be3 Nxe3 31. fxe3 Nd5 32. e4 Nb6 33. Rd8 Qg5 34. Rxc8 Rxc8 35. Rf1 Rf8 36. Qb3 Ra8 37. Ra1 Ra4 38. Qd3 Qh4 39. Nb4 Qe7 40. Qd6 Qa7 41. Nc6 Qb7 42. Qd8+ Kh7 43. Qd1 g6 44. Nd8 Qa7 45. Nc6 Qa8 46. Qd8 Qxd8 47. Nxd8 Rxe4 48. Nxf7 Kg7 49. Nd8 Rxe5 50. a4 Kf6 51. Nc6 Rc5 52. a5 Rxb5 53. axb6 Rxb6 54. Rf1+ Kg5 55. Ne5 Rb5 56. Nf7+ Kh4 57. Kh2 1-0

[Event "Ibague op"]
[Site "Ibague"]
[Date "2021.10.24"]
[Round "9"]
[White "Lara Aguirre, Maria Camila"]
[Black "Herrera Nopan, Fabian"]
[Result "0-1"]
[WhiteElo "1124"]
[BlackElo "1612"]
[PlyCount "57"]
[EventDate "2021.10.20"]
[EventType "swiss"]
[EventRounds "9"]
[EventCountry "COL"]
[SourceTitle "CBM 204 Extra"]
[Source "ChessBase"]
[SourceDate "2021.11.30"]
[SourceVersion "1"]
[SourceVersionDate "2021.11.30"]
[SourceQuality "1"]

1. e4 a6 2. d4 d6 3. Nf3 g6 4. Bd3 Bg7 5. Be3 Nc6 6. c3 Nf6 7. h3 0-0 8. 0-0 Ne8 9. Re1 e5 10. d5 Ne7 11. Nbd2 f5 12. Nf1 f4 13. Bc1 h6 14. N1h2 g5 15. g3 Ng6 16. g4 Bf6 17. b3 Ng7 18. Kh1 Kf7 19. Bf1 Rh8 20. Bg2 h5 21. Kg1 Bd7 22. Kf1 Qc8 23. Ke2 hxg4 24. Nxg4 Bxg4 25. hxg4 Qxg4 26. Rg1 Qd7 27. Bb2 g4 28. Kd2 gxf3 29. Bxf3 0-1

[Event "Soacha op-B"]
[Site "Soacha"]
[Date "2021.09.11"]
[Round "6"]
[White "Lara Aguirre, Maria Camila"]
[Black "Rueda Bermudez, Andres Felipe"]
[Result "1/2-1/2"]
[WhiteElo "1083"]
[BlackElo "1718"]
[PlyCount "30"]
[EventDate "2021.09.08"]
[EventType "swiss"]
[EventRounds "9"]
[EventCountry "COL"]
[SourceTitle "CBM 204 Extra"]
[Source "ChessBase"]
[SourceDate "2021.11.30"]
[SourceVersion "1"]
[SourceVersionDate "2021.11.30"]
[SourceQuality "1"]

1. e4 d5 2. exd5 Nf6 3. Bb5+ Nbd7 4. c4 g6 5. Nf3 Bg7 6. Nc3 0-0 7. 0-0 a6 8. Ba4 Nb6 9. Bb3 a5 10. d4 Bg4 11. a4 c6 12. h3 Bxf3 13. Qxf3 cxd5 14. cxd5 Qd7 15. Be3 Rad8 1/2-1/2